भारताचे संविधान (Record no. 355266)
[ view plain ]
| 000 -LEADER | |
|---|---|
| fixed length control field | 00723nam a2200157Ia 4500 |
| 008 - FIXED-LENGTH DATA ELEMENTS--GENERAL INFORMATION | |
| fixed length control field | 230720s9999 xx 000 0 und d |
| 041 ## - LANGUAGE CODE | |
| Language code of text/sound track or separate title | mar |
| 082 ## - DEWEY DECIMAL CLASSIFICATION NUMBER | |
| Classification number | 342.54 |
| Item number | चौधरी |
| 100 ## - MAIN ENTRY--PERSONAL NAME | |
| Personal name | चौधरी रा. |
| 245 ## - TITLE STATEMENT | |
| Title | भारताचे संविधान |
| Remainder of title | संविधान १०५ व्या सुधारणेपर्यंत अद्ययावत ( १५ सप्टेंबर, २०२१ पर्यंत फेरबदल केल्याप्रमाणे ) |
| 260 ## - PUBLICATION, DISTRIBUTION, ETC. (IMPRINT) | |
| Date of publication, distribution, etc. | 2010 |
| Name of publisher, distributor, etc. | चौधरी लॉ पब्लिशर |
| 300 ## - PHYSICAL DESCRIPTION | |
| Extent | 420 |
| 365 ## - TRADE PRICE | |
| Currency code | Rs. |
| Price amount | 395 |
| 700 ## - ADDED ENTRY--PERSONAL NAME | |
| Personal name | चौधरी रा. |
| 906 ## - LOCAL DATA ELEMENT F, LDF (RLIN) | |
| d | O:0799525-Apr-2023B:37419-Apr-2023 |
| c | GENRL |
| b | 79 |
| Withdrawn status | Lost status | Source of classification or shelving scheme | Damaged status | Not for loan | Home library | Current library | Date acquired | Vendor | Budget Code | Cost, normal purchase price | Bill number | Total Checkouts | Full call number | Barcode | Date last seen | Date last checked out | Discount | Cost, replacement price | Bill Date | Koha item type | Original Barcode |
|---|---|---|---|---|---|---|---|---|---|---|---|---|---|---|---|---|---|---|---|---|---|
| Dewey Decimal Classification | Cummins College of Engineering for Women Pune | Cummins College of Engineering for Women Pune | 25/04/2023 | Om Book Stall | GENRL | 316.00 | 374 | 1 | 342.54 | CCEP-BK-64975 | 11/02/2024 | 10/10/2023 | 79 | 395.00 | 19/04/2023 | Books | 064975 |